|
|
|
|
| LEADER |
03978nam a22005655i 4500 |
| 001 |
978-3-540-31845-3 |
| 003 |
DE-He213 |
| 005 |
20151030001328.0 |
| 007 |
cr nn 008mamaa |
| 008 |
100705s2005 gw | s |||| 0|eng d |
| 020 |
|
|
|a 9783540318453
|9 978-3-540-31845-3
|
| 024 |
7 |
|
|a 10.1007/b106627
|2 doi
|
| 040 |
|
|
|d GrThAP
|
| 050 |
|
4 |
|a QA76.7-76.73
|
| 050 |
|
4 |
|a QA76.76.C65
|
| 072 |
|
7 |
|a UMX
|2 bicssc
|
| 072 |
|
7 |
|a UMC
|2 bicssc
|
| 072 |
|
7 |
|a COM051010
|2 bisacsh
|
| 072 |
|
7 |
|a COM010000
|2 bisacsh
|
| 082 |
0 |
4 |
|a 005.13
|2 23
|
| 245 |
1 |
0 |
|a Multiparadigm Programming in Mozart/Oz
|h [electronic resource] :
|b Second International Conference, MOZ 2004, Charleroi, Belgium, October 7-8, 2004, Revised Selected and Invited Papers /
|c edited by Peter Van Roy.
|
| 264 |
|
1 |
|a Berlin, Heidelberg :
|b Springer Berlin Heidelberg,
|c 2005.
|
| 300 |
|
|
|a XVI, 336 p.
|b online resource.
|
| 336 |
|
|
|a text
|b txt
|2 rdacontent
|
| 337 |
|
|
|a computer
|b c
|2 rdamedia
|
| 338 |
|
|
|a online resource
|b cr
|2 rdacarrier
|
| 347 |
|
|
|a text file
|b PDF
|2 rda
|
| 490 |
1 |
|
|a Lecture Notes in Computer Science,
|x 0302-9743 ;
|v 3389
|
| 505 |
0 |
|
|a Keynote Talk -- The Development of Oz and Mozart -- Security -- The Structure of Authority: Why Security Is Not a Separable Concern -- The Oz-E Project: Design Guidelines for a Secure Multiparadigm Programming Language -- Computer Science Education -- A Program Verification System Based on Oz -- Higher Order Programming for Unordered Minds -- Software Engineering -- Compiling Formal Specifications to Oz Programs -- Deriving Acceptance Tests from Goal Requirements -- Human-Computer Interfaces and the Web -- Using Mozart for Visualizing Agent-Based Simulations -- Web Technologies for Mozart Applications -- Overcoming the Multiplicity of Languages and Technologies for Web-Based Development Using a Multi-paradigm Approach -- Distributed Programming -- P2PS: Peer-to-Peer Development Platform for Mozart -- Thread-Based Mobility in Oz -- A Fault Tolerant Abstraction for Transparent Distributed Programming -- Grammars and Natural Language -- The CURRENT Platform: Building Conversational Agents in Oz -- The Metagrammar Compiler: An NLP Application with a Multi-paradigm Architecture -- The XDG Grammar Development Kit -- Constraint Research -- Solving CSP Including a Universal Quantification -- Compositional Abstractions for Search Factories -- Implementing Semiring-Based Constraints Using Mozart -- A Mozart Implementation of CP(BioNet) -- Constraint Applications -- Playing the Minesweeper with Constraints -- Using Constraint Programming for Reconfiguration of Electrical Power Distribution Networks -- Strasheela: Design and Usage of a Music Composition Environment Based on the Oz Programming Model -- Solving the Aircraft Sequencing Problem Using Concurrent Constraint Programming -- The Problem of Assigning Evaluators to the Articles Submitted in an Academic Event: A Practical Solution Incorporating Constraint Programming and Heuristics -- An Interactive Tool for the Controlled Execution of an Automated Timetabling Constraint Engine.
|
| 650 |
|
0 |
|a Computer science.
|
| 650 |
|
0 |
|a Computer programming.
|
| 650 |
|
0 |
|a Software engineering.
|
| 650 |
|
0 |
|a Programming languages (Electronic computers).
|
| 650 |
|
0 |
|a Operating systems (Computers).
|
| 650 |
|
0 |
|a Computer logic.
|
| 650 |
1 |
4 |
|a Computer Science.
|
| 650 |
2 |
4 |
|a Programming Languages, Compilers, Interpreters.
|
| 650 |
2 |
4 |
|a Logics and Meanings of Programs.
|
| 650 |
2 |
4 |
|a Software Engineering.
|
| 650 |
2 |
4 |
|a Programming Techniques.
|
| 650 |
2 |
4 |
|a Operating Systems.
|
| 700 |
1 |
|
|a Roy, Peter Van.
|e editor.
|
| 710 |
2 |
|
|a SpringerLink (Online service)
|
| 773 |
0 |
|
|t Springer eBooks
|
| 776 |
0 |
8 |
|i Printed edition:
|z 9783540250791
|
| 830 |
|
0 |
|a Lecture Notes in Computer Science,
|x 0302-9743 ;
|v 3389
|
| 856 |
4 |
0 |
|u http://dx.doi.org/10.1007/b106627
|z Full Text via HEAL-Link
|
| 912 |
|
|
|a ZDB-2-SCS
|
| 912 |
|
|
|a ZDB-2-LNC
|
| 950 |
|
|
|a Computer Science (Springer-11645)
|